Mistrovství v Microsoft Windows XP

Saved in:
Bibliographic Details
Main Author: Bott, Ed
Other Authors: Siechert, Carl, Cibulka, Rostislav
Format: Book
Language:Czech
Published: Brno Computer Press 2003
Edition:2. vyd.
Series:PROFI
Subjects:
Tags: Add Tag
No Tags, Be the first to tag this record!

MARC

LEADER 00000nam$a2200000$$$4500
001 0034684
005 20240313133231.7
020 |a 80-7226-980-1 
041 0 |a cze 
044 |a CZ 
245 1 0 |a Mistrovství v Microsoft Windows XP  |c Ed Bott, Carl Siechert ; překlad: Rostislav Cibulka 
250 |a 2. vyd. 
264 1 |a Brno  |b Computer Press  |c 2003 
300 |a 608 s. 
490 1 |a PROFI 
830 0 |a PROFI 
610 2 0 |a systémy operačné 
610 2 0 |a softvér 
610 2 0 |a počítače 
610 2 0 |a systémy dialógové 
610 2 0 |a programy počítačové 
610 2 0 |a Microsoft Windows XP 
100 1 |a Bott, Ed 
700 1 |a Siechert, Carl 
700 1 |a Cibulka, Rostislav